Afternotes on numerical analysis : a series of lectures on elementary numerical analysis presented at the University of Maryland at College Park and recorded after the fact /
Guardado en:
| Autor Principal: | |
|---|---|
| Formato: | Libro |
| Idioma: | English |
| Publicado: |
Philadelphia, Pa. :
Society for Industrial and Applied Mathematics (SIAM),
c1996.
|
| Materias: | |
| Acceso en línea: | Descripción Tabla de contenido |
| Etiquetas: |
Agregar Etiqueta
Sin Etiquetas, Sea el primero en etiquetar este registro!
|
| LEADER | 01082cam a22002295a 4500 | ||
|---|---|---|---|
| 001 | EIQ.libpla003101 | ||
| 008 | 951106s1996####paua#####b####001#0#eng#d | ||
| 005 | 20071019155813.0 | ||
| 245 | 1 | 0 | |a Afternotes on numerical analysis : |b a series of lectures on elementary numerical analysis presented at the University of Maryland at College Park and recorded after the fact / |c G.W. Stewart. |
| 260 | |a Philadelphia, Pa. : |b Society for Industrial and Applied Mathematics (SIAM), |c c1996. | ||
| 300 | |a x, 200 p. : |b il. ; |c 26 cm. | ||
| 504 | |a Incluye referencias bibliográficas (p. 187-189) e índice. | ||
| 020 | |a 0898713625 (pbk.) | ||
| 100 | 1 | |a Stewart, G. W. |q (Gilbert W.) | |
| 082 | 0 | 0 | |a 519.4 |2 20 |
| 650 | 4 | |a Matemática |x Análisis numérico. | |
| 650 | 4 | |a Mathematical |x Numerical analysis. | |
| 010 | |a 95047768 | ||
| 040 | |a DLC |c DLC |d AR-BbSID | ||
| 856 | 4 | 2 | |3 Descripción |u http://www.loc.gov/catdir/enhancements/fy0726/95047768-d.html |
| 856 | 4 | 1 | |3 Tabla de contenido |u http://www.loc.gov/catdir/enhancements/fy0726/95047768-t.html |
| 859 | |a AR-BbSID |b BIB. PLAPIQUI |h 519.4 |i St 31 |p 4777 | ||
